Biện pháp quản lý giáo dục hòa nhập trẻ khuyết tật tại các trường mầm non trên địa bàn huyện Hòa Vang, thành phố Đà Nẵng
Nghiên cứu các vấn đề lý luận về quản lý giáo dục hoà nhập trẻ khuyết tật trong trường mầm non. Đánh giá thực trạng quản lý giáo dục hoà nhập trẻ khuyết tật của các trường mầm non, huyện Hòa Vang, thành phố Đà Nẵng. Đề xuất các biện pháp quản lý giáo dục hoà nhập trẻ khuyết tật tại các trường mầm no...
Kaydedildi:
| Yazar: | |
|---|---|
| Diğer Yazarlar: | |
| Materyal Türü: | Kitap |
| Dil: | Vietnamese |
| Baskı/Yayın Bilgisi: |
Đà Nẵng
Đại học Đà Nẵng
2016
|
| Konular: | |
| Etiketler: |
Etiketle
Etiket eklenmemiş, İlk siz ekleyin!
|
| Thư viện lưu trữ: | Mạng thư viện Đại học Đà Nẵng |
|---|
| LEADER | 02091nam a2200373 4500 | ||
|---|---|---|---|
| 001 | 000023866 | ||
| 003 | 20319 | ||
| 005 | 20160329160354.0 | ||
| 008 | 160318s2016 viesd | ||
| 041 | |a vie | ||
| 082 | 1 | 4 | |a 371.90472 |b NG-V |
| 100 | 1 | |a Nguyễn Xuân Việt | |
| 245 | 1 | |a Biện pháp quản lý giáo dục hòa nhập trẻ khuyết tật tại các trường mầm non trên địa bàn huyện Hòa Vang, thành phố Đà Nẵng |c Nguyễn Xuân Việt ; Lê Quang Sơn hướng dẫn. |k Luận văn Thạc sĩ | |
| 260 | |a Đà Nẵng |b Đại học Đà Nẵng |c 2016 | ||
| 300 | |a 107 tr. ; phụ lục 34 tr. |c 29 cm. |e Tóm tắt | ||
| 500 | |a Luận văn thạc sĩ. Chuyên ngành: Quản lý giáo dục. Mã số: 60.14.01.14 | ||
| 520 | 3 | |a Nghiên cứu các vấn đề lý luận về quản lý giáo dục hoà nhập trẻ khuyết tật trong trường mầm non. Đánh giá thực trạng quản lý giáo dục hoà nhập trẻ khuyết tật của các trường mầm non, huyện Hòa Vang, thành phố Đà Nẵng. Đề xuất các biện pháp quản lý giáo dục hoà nhập trẻ khuyết tật tại các trường mầm non trên địa bàn huyện Hòa Vang, thành phố Đà Nẵng | |
| 650 | 0 | 4 | |a Giáo dục mầm non |v Luận văn tốt nghiệp |x Giáo dục hòa nhập |x Trẻ khuyết tật |z Đà Nẵng |
| 653 | |a Giáo dục hòa nhập | ||
| 653 | |a Giáo dục mầm non | ||
| 653 | |a Quản lý giáo dục | ||
| 653 | |a Trẻ khuyết tật | ||
| 653 | |a Giáo dục đặc biệt | ||
| 700 | 1 | |a Lê Quang Sơn |c PGS.TS. |e Hướng dẫn | |
| OWN | |a LSP | ||
| AVA | |a UDN50 |b LSP |d 371.90472 NG-V |e available |t Error 5001 Not defined in file expand_doc_bib_avail. |f 1 |g 0 |h N |i 0 |k 1 | ||
| 999 | |a From the UDN01 | ||
| AVA | |a UDN50 |b LSP |d 371.90472 NG-V |e available |t Error 5001 Not defined in file expand_doc_bib_avail. |f 1 |g 0 |h N |i 0 |k 1 | ||
| TYP | |a Monograph | ||
| TYP | |a Printed language | ||
| 980 | |a Mạng thư viện Đại học Đà Nẵng | ||